00988nam a2200241Ia 4500001000600000003000900006008004100015040001300056040001300069041001300082100001600095100002800111245009300139245009400232250001100326260001400337260001600351260004900367300004300416500022400459650003200683650003100715 4976IT-RoPAU130308s9999 xx 000 0 und d aIT-RoPAU cIT-RoPAU aFRANCESE aWybo Gerard gCodice Aut. SPICS: 427 aDu texte a l'image-Vers une proposition visuelle du recit de la multiplication des pains bDu texte a L'Image-Vers Une proposition visuel le Du recit de la Multiplication des Pains a1a ed. aBRUXELLES bLumen Vitae c1981 [1° Ed.:1981 - Ed.Ling.Originale:1981] a"108 p. (prefazione: no ; testo: 108)" aDal testo all'immagine Racconto della Moltiplicazione dei Pani Articolazione del testo Semantica e Logica dell'Insieme Testuale Drammatizzazione Testuale Enunciazione Lettura finale riscrittura visiva Valori Teologici aSTUDI/COMMENTI SULLA BIBBIA eCodice materia Spics: 9052